| 000 | 00857nam a2200301Ia 4500 | ||
|---|---|---|---|
| 001 | 76723 | ||
| 003 | IT-RoPAU | ||
| 008 | 130308s9999 xx 000 0 und d | ||
| 040 | _aIT-RoPAU | ||
| 040 | _cIT-RoPAU | ||
| 041 | _aITALIANO | ||
| 100 | _aPoupard Paul | ||
| 100 | _gCodice Aut. SPICS: 723 | ||
| 245 | _aArte nell'arco della cultura (L') | ||
| 245 | _bLezioni di Arte Sacra-2-Riconsacrare L'Arte Sacra | ||
| 250 | _a1a ed. | ||
| 260 | _aROMA | ||
| 260 | _bIstituto Beato Angelico | ||
| 260 | _c1987 [1° Ed.:1987 - Ed.Ling.Originale:1986] | ||
| 300 | _a"8 p. (prefazione: no ; testo: 8 [pagine: 17-24])" | ||
| 500 | _aFede e Arte Arte Sorgente di speranza Arte veicolo di Evangelizzazione | ||
| 650 | _aSAGGI DI LITURGIA | ||
| 650 | _eCodice materia Spics: 9160 | ||
| 942 | _cBK | ||
| 957 | _71 | ||
| 999 |
_c63541 _d63541 |
||
| 999 | _bSI | ||
| 999 | _g1 | ||